| 000 | 01065cam a2200313 a 4500 | ||
|---|---|---|---|
| 999 |
_c12193 _d12193 |
||
| 001 | 3007970 | ||
| 003 | EG-ScBUE | ||
| 005 | 20191203112954.0 | ||
| 008 | 931018t1993 maua f 000 0 eng d | ||
| 020 | _a0669269166 | ||
| 020 | _a9780669269161 | ||
| 040 |
_aDLC _beng _erda _cDLC _dEG-ScBUE |
||
| 082 | 0 | 4 |
_a540.78 _bBEL _222 |
| 100 | 1 |
_aBell, Jerry A, _eauthor. _97539 |
|
| 245 | 1 | 0 |
_aChemical explorations / _cJerry A. Bell American Association for the Advancement of Science. |
| 264 | 1 |
_aLexington, Massachusetts ; _aToronto : _bD. C. Heath and Company, _c[1993] |
|
| 264 | 4 | _cc 1993 | |
| 300 |
_aix, 403 pages : _billustrations ; _c28 cm |
||
| 336 |
_2rdacontent _atext _btxt |
||
| 337 |
_2rdamedia _aunmediated _bn |
||
| 338 |
_2rdacarrier _avolume _bnc |
||
| 500 | _aIncludes appendices. | ||
| 590 | _abasant emad | ||
| 650 | 7 |
_aChemistry _xLaboratory manuals. _2BUEsh _97540 |
|
| 653 |
_bHHUUEENN _cDecember2019 |
||
| 655 | _vReading book | ||
| 942 |
_2ddc _cBB |
||